Additive equations for estimating volume components in rubber (Hevea brasiliensis) in Veracruz, Mexico (Record no. 53797)

MARC details
000 -LEADER
fixed length control field 00518nam a2200169Ia 4500
100 ## - MAIN ENTRY--AUTHOR NAME
Personal name Monroy Rivera C
245 #0 - TITLE STATEMENT
Title Additive equations for estimating volume components in rubber (Hevea brasiliensis) in Veracruz, Mexico
260 ## - PUBLICATION, DISTRIBUTION, ETC. (IMPRINT)
Name of publisher Ciencia Forestal en Mexico
Year of publication 2004
300 ## - PHYSICAL DESCRIPTION
Number of Pages 43-60
650 ## - SUBJECT ADDED ENTRY--TOPICAL TERM
Topical Term Forest plantations
650 ## - SUBJECT ADDED ENTRY--TOPICAL TERM
Topical Term Statistical analysis
650 ## - SUBJECT ADDED ENTRY--TOPICAL TERM
Topical Term Volume determination
700 ## - ADDED ENTRY--PERSONAL NAME
Personal name Navar Chaidez J de J
856 ## - ELECTRONIC LOCATION AND ACCESS
Uniform Resource Identifier CAB CD
942 ## - ADDED ENTRY ELEMENTS (KOHA)
Koha item type Journals
Holdings
Withdrawn status Lost status Damaged status Not for loan Home library Current library Shelving location Date acquired Serial Enumeration / chronology Koha item type
      Journals RRII Library RRII Library Botany 16/10/2006 Volume 29, Issue 95 Journals